Starostlivosť NV mesta Košíc o sociálne slabých ošacovacia akcia, stravovacia akcia, rekreácia košických detí, vianočná nádielka

Podrobná bibliografia
Hlavný autor: red (Autor)
Médium: Článok
Jazyk:slovenčina
Predmet:

MARC

LEADER 00000nab a2200000u 4500
001 vtls012253675
003 SK-MaSNL
005 20260304172224.0
008 240326|19480109xo ||||||| ||00 ||slo|
038 |a KEVKJB 
040 |a KEVKJB  |b slo  |e rda 
041 0 |a slo 
043 |a e-xo--- 
044 |a xo  |c SK 
072 7 |a 364-1/-7  |x Druhy sociálnej pomoci a služieb  |2 konspekt 
080 |a 364-787.2  |2 2011 
100 1 |a red.  |4 aut  |9 848321 
245 1 0 |a Starostlivosť NV mesta Košíc o sociálne slabých  |b ošacovacia akcia, stravovacia akcia, rekreácia košických detí, vianočná nádielka  |c [autor] red. 
336 |a text  |b txt  |2 rdacontent 
337 |a bez média  |b n  |2 rdamedia 
338 |a zväzok  |b nc  |2 rdacarrier 
650 0 7 |a sociálne služby  |2 SNKPH  |9 3721 
650 0 7 |a sociálna pomoc  |2 SNKPH  |9 3736 
651 7 |a Košice (Slovensko)  |2 SNKPHgeo  |9 18694 
773 0 |t Demokrat  |g Roč. IV, č. 7 (9.1.1948), s. 2 
852 |a KEVKJB  |b KIS3GCP 
999 |c 2997287  |d 2999217